Statistics for The Ultimate European Roller Coaster Quiz

Click here to take the quiz!

General Stats

  • This quiz has been taken 92 times
  • The average score is 75 of 386

Answer Stats

HintAnswer% Correct
SärkänniemiHype
82%
EnergylandiaZadra
77%
PhantasialandF.L.Y
74%
Alton TowersNemesis
74%
PhantasialandTaron
73%
Europa ParkSilver Star
71%
Alton TowersSmiler
71%
Alton TowersOblivion
70%
PhantasialandBlack Mamba
67%
EnergylandiaHyperion
66%
Europa ParkBlue Fire
64%
Walibi HollandUntamed
64%
Europa ParkWodan
62%
Plopsaland De PanneRide To Happiness
59%
Walibi HollandGoliath
58%
EnergylandiaSpeed
58%
Blackpool Pleasure BeachBig One
56%
Heide Park | Thorpe ParkColossus
55%
ToverlandFenix
55%
LisebergHelix
55%
Walibi BelgiumKondaa
55%
PortAvenutraRed Force
55%
Thorpe ParkStealth
55%
Parc AsterixToutatis
55%
EftelingBaron 1898
52%
Europa ParkEuro Mir
52%
Alton TowersRita
52%
Alton TowersWicker Man
52%
EnergylandiaAbyssus
51%
Europa ParkArthur
51%
BobbejaanlandFury
51%
Walibi HollandLost Gravity
51%
Thorpe ParkSaw The Ride
51%
EnergylandiaFormula
49%
PortAvenutraShambhala
49%
KolmårdenWildfire
49%
Blackpool Pleasure BeachIcon
48%
Thorpe ParkNemesis Inferno
48%
PhantasialandWinja's
48%
PhantasialandColorado Adventure
47%
PortAvenutraDragon Khan
47%
Alton TowersGalactica
47%
ToverlandTroy
47%
Thorpe ParkSwarm
45%
LinnanmakiTaiga
45%
Chessington World of Adventure | Walibi BelgiumVampire
45%
Heide ParkKrake
42%
Grona Land | Walygator Grand EstMonster
42%
EftelingPython
42%
PhantasialandRaik
42%
Alton TowersTh13teen
42%
Plopsaland De PanneDraak
41%
Europa ParkPoseidon
41%
Energylandia | Wiener PraterBoomerang
40%
Conny-Land | Paultons Park | Powerland | Walibi BelgiumCobra
40%
Holiday ParkExpedition GeForce
40%
GardalandOblivion: The Black Hole
40%
Disneyland ParisBig Thunder Mountain
38%
Europa ParkEurosat
38%
Djurs SommerlandPiraten
38%
Parc AsterixTonnerre 2 Zues
38%
Bakken | Parque De Atracciones de Madrid | SärkänniemiTornado
38%
ToverlandBooster Bike
37%
PhantasialandCrazy Bats
37%
Farup SommerlandFonix
37%
Blackpool Pleasure Beach | BobbejaanlandRevolution
37%
LisebergBalder
36%
MirabilandiaiSpeed
36%
Walibi BelgiumLoup Garou
36%
Europa ParkPegasus
36%
Walibi BelgiumPulsar
36%
Flamingo LandSik
36%
Walibi BelgiumTiki Waka
36%
Movie Park GermanyBandit
34%
Plopsaland De PanneHeidi The Ride
34%
EftelingJoris en de Draak
34%
TripsdrillKaracho
34%
Hansa ParkSchwur Des Karnan
34%
EftelingVogel Rok
34%
Heide ParkFlug Der Damonen
33%
PortAvenutraFurious Baco
33%
MirabilandiaKatun
33%
Walibi BelgiumPsyke Underground
33%
Europa ParkAtlantica Supersplash
32%
Parc AsterixGoudurix
32%
Walibi HollandSpeed of Sound
32%
Alton TowersSpinball Whizzer
32%
LisebergValkyria
32%
Plopsaland De PanneAnubis The Ride
30%
Walibi HollandCondor
30%
Disneyland ParisIndiana Jones
30%
Europa ParkMatterhorn Blitz
30%
Holiday ParkSky Scream
30%
Parque Warner MadridSuperman
30%
Heide ParkDesert Race
29%
GardalandRaptor
29%
Europa ParkSchweizer Bobbahn
29%
PortAvenutraStampida
29%
Europa ParkBa-A-A-Express
27%
Freizeitpark PlohnDynamite
27%
TripsdrillHals Uber Kopf
27%
Alton Towers | Flamingo LandRunaway Mine Train
27%
MagiclandShock
27%
Walibi HollandXpress Platform 13
27%
NiglolandAlpina Blitz
26%
Heide ParkBig Loop
26%
Gardaland | TripsdrillMammut
26%
Parc AsterixPegase Express
26%
Bakken | Tivoli GardensRutschebanen
26%
Drayton ManorShockwave
26%
BobbejaanlandTyphoon
26%
EftelingVliegende Hollander
26%
Europa ParkAlpenexpress Enzian
25%
Tivoli GardensDaemonen
25%
ToverlandDwervelwind
25%
Freizeitpark PlohnEl Toro
25%
Djurs SommerlandJuvelen
25%
PowerlandMine Train
25%
Flamingo LandMumbo Jumbo
25%
Movie Park GermanyStar Trek: Operation Enterprise
25%
Heide ParkBobbahn
23%
Hansa ParkNessie
23%
Hansa ParkFlucht Von Novgorod
22%
Blackpool Pleasure BeachGrand National
22%
Blackpool Pleasure BeachInfusion
22%
LisebergLisebergbanan
22%
Walibi Rhône-AlpesMystic
22%
TusenFrydStorm
22%
Blackpool Pleasure BeachBig Dipper
21%
Thorpe ParkFlying Fish
21%
Flamingo LandHero
21%
Heide ParkLimit
21%
Blackpool Pleasure BeachSteeplechase
21%
Disneyland ParisCrush's Coaster
19%
EnergylandiaFrida
19%
Farup SommerlandLynet
19%
TusenFrydSpeed Monster
19%
Movie Park GermanyStudio Tour
19%
Parque Warner MadridStunt Fall
19%
Grona LandTwister
19%
TripsdrillVolldampf
19%
Walibi BelgiumCalamity Mine
18%
Walibi HollandDrako
18%
Blackpool Pleasure BeachNickelodeon Streak
18%
PortAvenutraTami Tami
18%
Walibi Rhône-AlpesTimber
18%
Parc AsterixTrace Du Hourra
18%
Blackpool Pleasure BeachAvalanche
16%
GardalandBlue Tornado
16%
Parque Warner MadridCoaster Express
16%
Chessington World of AdventureDragon's Fury
16%
BobbejaanlandDreamcatcher
16%
Walibi BelgiumFun Pilot
16%
TripsdrillG'sengte Sau
16%
Plopsaland De PanneK3 Roller Skater
16%
Oakwood Theme ParkMegafobia
16%
Parc AsterixSOS Numerobis
16%
Disneyland ParisStar Wars Hyperspace Mountain
16%
PortAvenutraTomahawk
16%
Flamingo LandVelocity
16%
Walygator Grand EstAnaconda
15%
EnergylandiaDraken
15%
Grona LandInsane
15%
Grona LandJetline
15%
PowerlandJunker
15%
Flamingo LandKumali
15%
EnergylandiaMars
15%
Parc AsterixOzlris
15%
EnergylandiaRoller Coaster Mayan
15%
Paultons ParkStorm Chaser
15%
Thorpe ParkWalking Dead The Ride
15%
Parque De Atracciones de MadridAbismo
14%
DuinrellFalcon
14%
Heide ParkGrottenblitz
14%
Land of LegendsHyper Coaster
14%
Heide ParkIndy Blitz
14%
LisebergLuna
14%
Movie Park GermanyVan Helsing's Factory
14%
Paultons ParkVelociraptor
14%
BobbejaanlandBob Express
12%
Djurs SommerlandDragekongen
12%
Farup SommerlandFalken
12%
Parque Warner MadridGotham City Escape
12%
NiglolandKrampus Expédition
12%
BobbejaanlandNaga Bay
12%
Adventure IslandRage
12%
GardalandShaman
12%
Oakwood Theme ParkSpeed No Limits
12%
TusenFrydThundercoaster
12%
ToverlandToos Express
12%
EnergylandiaCircus Coaster
11%
MirabilandiaDivertical
11%
EnergylandiaEnergus
11%
Bayern ParkFreischütz
11%
PortAvenutraJunior Red Force
11%
Plopsaland De PanneLikeMe Coaster
11%
BobbejaanlandOki Doki
11%
Farup SommerlandOrkanen
11%
LisebergRabalder
11%
Disneyland ParisRC Racer
11%
Farup SommerlandSaven
11%
LinnanmakiUkko
11%
EnergylandiaViking Roller Coaster
11%
Bayern ParkAchterbahn
10%
Blackpool Pleasure BeachBlue Flyer
10%
PortAvenutraDiablo
10%
EnergylandiaHappy Loops
10%
Hansa ParkRoyal Scotsman
10%
NiglolandSpatiale Expérience
10%
TusenFrydSuperSplash
10%
BonBon LandVild-Svinet
10%
Parque Warner MadridBatman: Arkham Asylum
8%
MirabilandiaDesmo Race
8%
DuinrellDragon Fly
8%
EnergylandiaDragon Roller Coaster
8%
Paultons ParkFarmyard Flyer
8%
Paultons ParkFlight of the Pterosaur
8%
DuinrellKikkerachtbaan
8%
Hansa ParkKleine Zar
8%
Grona LandKvasten
8%
Fantasy IslandMillennium
8%
Movie Park GermanyMP Xpress
8%
TripsdrillRasender Tausendfüßler
8%
Chessington World of AdventureRattlesnake
8%
Chessington World of AdventureScorpion Express
8%
BobbejaanlandSpeedy Bob
8%
Holiday ParkTabalugas Achterbahn
8%
Flamingo LandZoom
8%
Drayton ManorAccelerator
7%
Disneyland ParisCasey Jr
7%
Hansa ParkCrazy Mine
7%
EnergylandiaFrutti Loop Coaster
7%
Movie Park GermanyGhost Chasers
7%
Cinecittà World | Terra MiticaInferno
7%
Tivoli GardensKamelen
7%
LinnanmakiKirnu
7%
BakkenMine Train Ulven
7%
Alton TowersOctonauts Roller Coaster
7%
PowerlandPitts Special
7%
Freizeitpark PlohnPlohseidon
7%
Hansa ParkSchlange Von Midgard
7%
LisebergStampbanan
7%
Parque De Atracciones de MadridTarantula
7%
Djurs SommerlandThor's Hammer
7%
PowerlandThunderbird
7%
Grona LandVilda Musen
7%
Walibi Rhône-AlpesWoodstock Express
7%
Disneyland ParisAvengers Assemble: Flight Force
5%
Adventure IslandBarnstormer
5%
EnergylandiaChoco Chip Creek
5%
Walibi Rhône-AlpesCoccinelle
5%
Parque Warner MadridCorrecaminos Bip Bip
5%
Emerald ParkCu Chulainn
5%
Paultons ParkDino Chase
5%
Zoosafari FasanolandiaEurofighter
5%
Freizeitpark Plohn | Land of Legends | Walygator Grand EstFamily Coaster
5%
Parc St PaulFormule 1
5%
Walibi Rhône-AlpesGenerator
5%
Wiener PraterGesengte Sau
5%
Terra MiticaMagnus Colossus
5%
NiglolandNoisette Express
5%
Flamingo LandTwistosaurus
5%
Wiener PraterVolare
5%
Wiener PraterWilde Maus
5%
Parc St PaulWild Train
5%
Parc St PaulWood Express
5%
Movie Park GermanyBackyardigans: Mission to Mars
4%
Conny-LandCobralino
4%
Walygator Grand EstComet
4%
KolmårdenDelfinexpressen
4%
Flamingo LandDino Roller
4%
BonBon LandDog Fart
4%
Farup SommerlandFlagermusen
4%
NiglolandGold Mine Train
4%
EnergylandiaHoney Harbour
4%
Isla MágicaJaguar
4%
Drayton ManorJormungandr
4%
Djurs SommerlandJungle Rally
4%
GardalandKung Fu Panda Master
4%
EnergylandiaLight Explores
4%
Tivoli GardensMaelkevejen
4%
BakkenMariehønen
4%
Wiener PraterMaskerade
4%
MirabilandiaMaster Thai
4%
Farup SommerlandPindsvinet
4%
Parc St PaulPomme
4%
GardalandSequoia Magic Loop
4%
Djurs SommerlandSkatteoen
4%
Parque De Atracciones de MadridTNT Tren de la Mina
4%
Parque Warner MadridTom y Jerry
4%
LinnanmakiTulireki
4%
LinnanmakiVuoristorata
4%
Cinecittà WorldAltair
3%
Paultons ParkCat O Pillar Coaster
3%
Oakwood Theme ParkCrocodile Coaster
3%
Freizeitpark PlohnDrachenwirbel
3%
Bayern ParkFroschbahn
3%
Flamingo LandGo Gator
3%
MirabilandiaGold Digger
3%
BonBon LandHan Katten
3%
Wiener PraterHochschaubahn
3%
Wiener PraterInsider
3%
MirabilandiaLeprotto Express
3%
TusenFrydLoopen
3%
EftelingMax + Mortiz
3%
Farup SommerlandMine Expressen
3%
Freizeitpark PlohnMiniwah
3%
Zoosafari FasanolandiaMontagne Russe
3%
PowerlandNeo's Twister
3%
Parque De Atracciones de MadridPadrinos Voladores
3%
Parque De Atracciones de MadridPaw Patrol
3%
Wiener PraterRace
3%
Parc St PaulSouris Verte
3%
Wiener PraterSuper 8er Bahn
3%
Terra MiticaTitánide
3%
Djurs SommerlandTrex Family Coaster
3%
Drayton ManorTroublesome Trucks
3%
Parque De Atracciones de MadridVertigo
3%
Parc St PaulAreotrain
1%
Wiener PraterAuto BergBahn
1%
MagiclandCagliostro
1%
Oakwood Theme ParkCreepy Crawler
1%
NiglolandDescente en Schlitt'
1%
Emerald ParkDino Dash
1%
Wiener PraterDizzy Mouse
1%
MagiclandDune
1%
MagiclandEsplorabruco
1%
Emerald ParkFlight School
1%
KolmårdenGodiståget
1%
Adventure IslandGreen Scream
1%
Adventure IslandKiddi Koasta
1%
Wiener PraterMegablitz
1%
Adventure IslandMighty Mini Mega
1%
Parc St PaulMini Mouse Cartoon
1%
Grona LandNyckelpigan
1%
Fantasy IslandOdessey
1%
MagiclandOlandese Volante
1%
GardalandOrtobruco Tour
1%
LinnanmakiPikajuna
1%
Wiener PraterRoller Ball
1%
LinnanmakiSalama
1%
Isla MágicaTren de Potosí
1%
Grona LandTuff Tuff Taget
1%
Land of LegendsTyphoon Coaster
1%
Djurs SommerlandVilde Honsejagt
1%
Parc AsterixVol D'lcare
1%
Wiener PraterZug Des Manitu
1%
Terra MiticaAlucinakis
0%
Zoosafari FasanolandiaBruco Miniottovolante
0%
TusenFrydDen Aller Minste
0%
Fantasy IslandFamily Roller Coaster
0%
TusenFrydHuriHuri
0%
Fantasy IslandJellikins Coaster
0%
Movie Park GermanyJimmy Neutron's Atomic Flyers
0%
PowerlandJoyride
0%
Emerald ParkLadybird Loop
0%
LinnanmakiLinnurata eXtra
0%
Zoosafari FasanolandiaMirage Rosso
0%
SärkänniemiMotogee
0%
Land of LegendsRace Coaster
0%
MirabilandiaRexpolorer
0%
Fantasy IslandRhombus Rocket
0%
Zoosafari FasanolandiaSpinning Madness
0%
Bayern ParkStar Shuttle
0%
Oakwood Theme ParkTreetop RollerCoaster
0%
SärkänniemiTrombi
0%
SärkänniemiVauhtimato
0%
BonBon LandViktor Vandorm
0%
Wiener PraterWeiner Looping
0%
TusenFrydWestern Expressen
0%

Score Distribution

Percentile by Number Answered

Percent of People with Each Score

Your Score History

You have not taken this quiz